Statistieken voor Landen met het Minst dichte Wegennetwerk

Klik hier om de quiz te nemen!

Algemene statistieken

  • Deze quiz is 591 keer genomen
  • De gemiddelde score is 11 van 20

Antwoordstatistieken

km / km2Land% Correct
0,0477Algerije
76%
0,0181Mali
74%
0,0150Niger
74%
0,0328Mongolië
73%
0,0065Soedan
72%
0,0313Tsjaad
71%
0,0103Mauritanië
69%
0,0413Angola
59%
0,0357Kazachstan
59%
0,0347Somalië
58%
0,0325Centraal-Afrikaanse Republiek
55%
0,0308Botswana
49%
0,0400Mozambique
48%
0,0362Madagaskar
47%
0,0341Eritrea
38%
0,0343Gabon
37%
0,0202Papoea-Nieuw-Guinea
31%
0,0263Suriname
31%
0,0371Guyana
30%
0,0481Salomonseilanden
15%

Scoreverdeling

Percentiel versus Aantal Correcte Antwoorden

Procent van Mensen met Elke Score

Uw Scoregeschiedenis

U heeft deze quiz nog niet genomen